Quizz Teenwolf S5B - Statistiques

Statistiques générales
  • Ce quiz a été pris 16 fois
  • Le résultat moyen est 6 sur 10
Statistiques - réponses
Question Réponse % Correct
Qu'est Parrish? Chien de l'Enfer
94%
Qui est la bête ? Mason
94%
Que veut faire Théo à la bête ? Lui voler ses pouvoirs
88%
Qui est l'antagoniste principal de la saison 5B? La Bête du Gévaudan
81%
A quelle époque est liée la bête ? Médiévale
69%
Qui contrôle la bête ? Personne
44%
Quel son réveille la bête ? Cloche
38%
Comment la bête est vaincue ? Souvenir
38%
Qui revient à la fin ? Kate
19%
Qui est enfermé à Eichen House à la fin ? Théo
19%
Aucun quiz correspondant
Distribution des résultats
% des personnes avec chaque résultat
Percentile par nombre de réponses
Votre historique - résultats
Vous n’avez pas pris ce quiz